000 00755nam a2200193 4500
001 140072
003 ES-MaACL
005 20250826083351.0
007 t|
008 070214s1933 sz r ||||1| fre d
110 1 _aOficina Internacional del Trabajo
_96023
245 1 3 _aLa sécurité dans la fabrication et l'utilisation du celluloïd /
_cBureau international du travail.
260 _aGenève :
_bB. I. T.,
_c1933.
300 _a183 p. ;
_c24 cm.
490 1 _aEtudes et documents (Bureau international du travail). Série F bis . Sécurité industrielle ;
_v6
830 0 _aEtudes et documents (Bureau international du travail). Série F bis . Sécurité industrielle ;
_v6
_9187166
852 _aES-MaACL
_jA-1977
999 _c140072
_d140072